000 00496nam a2200181Ia 4500
005 20250326125647.0
008 250326s9999 xx 000 0 und d
037 _aTextbook
040 _aFMSL
_beng
_cFMSL
041 _aeng
_2eng
084 _aX:8D(D513) L3
_qFMSL
100 _aNEDO
_9738987
245 0 _aFicial management for the smaller garage
_cNEDO
260 _aLondon
_bLondon, HMSO
_c1973
300 _a66p
942 _cTB
_hX:8D(D513) L3
999 _c1279003
_d1279003